<?xml version="1.0" encoding="UTF-8"?>
<record
    xmlns:xsi="http://www.w3.org/2001/XMLSchema-instance"
    xsi:schemaLocation="http://www.loc.gov/MARC21/slim http://www.loc.gov/standards/marcxml/schema/MARC21slim.xsd"
    xmlns="http://www.loc.gov/MARC21/slim">

  <leader>02108nam a22002657a 4500</leader>
  <controlfield tag="003">OSt</controlfield>
  <controlfield tag="005">20260512153851.0</controlfield>
  <controlfield tag="008">251023b        |||||||| |||| 00| 0 eng d</controlfield>
  <datafield tag="022" ind1=" " ind2=" ">
    <subfield code="a">1056-4926</subfield>
  </datafield>
  <datafield tag="040" ind1=" " ind2=" ">
    <subfield code="a">English</subfield>
    <subfield code="c">tbs</subfield>
  </datafield>
  <datafield tag="041" ind1=" " ind2=" ">
    <subfield code="a">English</subfield>
  </datafield>
  <datafield tag="100" ind1=" " ind2=" ">
    <subfield code="a">Lock, Irina</subfield>
    <subfield code="9">26437</subfield>
  </datafield>
  <datafield tag="245" ind1=" " ind2=" ">
    <subfield code="a">Deliberative Lobbying? </subfield>
    <subfield code="b">: Toward a Noncontradiction of Corporate Political Activities and Corporate Social Responsibility?</subfield>
    <subfield code="c">/ Irina Lock and Peter Seele</subfield>
  </datafield>
  <datafield tag="260" ind1=" " ind2=" ">
    <subfield code="b">Journal of Management Inquiry</subfield>
    <subfield code="c">2016</subfield>
  </datafield>
  <datafield tag="362" ind1=" " ind2=" ">
    <subfield code="a">Journal of Management Inquiry, 25(4), 415-430. DOI: 10.1177/1056492616640379</subfield>
  </datafield>
  <datafield tag="520" ind1=" " ind2=" ">
    <subfield code="a">Recently, researchers have claimed that food and beverage corporations should be excluded from the development of public health policy because their lobbying activities strategically undermine the promotion of public health. At the same time, recent political corporate social responsibility (CSR) theory holds that corporations have a responsibility to help solve global public issues. We address this described misalignment and show that corporations may fulfill this &#x201C;new political role&#x201D; if they turn to novel forms of corporate political activity (CPA) establishing a minimal standard for not contradicting their CSR. Therefore, we put forward a normative concept called deliberative lobbying based on discourse, transparency, and accountability, which aims to resolve public issues and advance CPA. In three lobbying cases, we show misalignments and contradictions that harm both society and the corporation. We position deliberative lobbing as an argument to maintain self-regulation against critics claiming that corporations should be excluded from all political processes.</subfield>
  </datafield>
  <datafield tag="653" ind1=" " ind2=" ">
    <subfield code="a">Corporate political activity</subfield>
  </datafield>
  <datafield tag="653" ind1=" " ind2=" ">
    <subfield code="a">Social responsibility of business</subfield>
  </datafield>
  <datafield tag="653" ind1=" " ind2=" ">
    <subfield code="a">Food industry</subfield>
  </datafield>
  <datafield tag="653" ind1=" " ind2=" ">
    <subfield code="a">Beverage industry</subfield>
  </datafield>
  <datafield tag="653" ind1=" " ind2=" ">
    <subfield code="a">Public health</subfield>
  </datafield>
  <datafield tag="700" ind1=" " ind2=" ">
    <subfield code="a">Seele, Peter</subfield>
    <subfield code="9">26438</subfield>
  </datafield>
  <datafield tag="856" ind1=" " ind2=" ">
    <subfield code="u">https://bibliotheque.tbs-education.fr/Default/doc/bth/117610880/deliberative-lobbying-toward-a-noncontradiction-of-corporate-political-activities-and-corporate-soci</subfield>
  </datafield>
  <datafield tag="942" ind1=" " ind2=" ">
    <subfield code="2">lcc</subfield>
  </datafield>
  <datafield tag="952" ind1=" " ind2=" ">
    <subfield code="0">0</subfield>
    <subfield code="1">0</subfield>
    <subfield code="2">lcc</subfield>
    <subfield code="4">0</subfield>
    <subfield code="7">0</subfield>
    <subfield code="a">TBS</subfield>
    <subfield code="b">TBS</subfield>
    <subfield code="d">2025-11-05</subfield>
    <subfield code="l">0</subfield>
    <subfield code="r">2025-11-05</subfield>
    <subfield code="u">https://bibliotheque.tbs-education.fr/Default/doc/bth/117610880/deliberative-lobbying-toward-a-noncontradiction-of-corporate-political-activities-and-corporate-soci</subfield>
    <subfield code="w">2025-11-05</subfield>
    <subfield code="y">ARTICLE</subfield>
  </datafield>
  <datafield tag="999" ind1=" " ind2=" ">
    <subfield code="c">5149</subfield>
    <subfield code="d">5149</subfield>
  </datafield>
</record>
